| 000 | 02616cam a22002894a 4500 | ||
|---|---|---|---|
| 001 | 15044183 | ||
| 003 | NUST | ||
| 005 | 20240226162741.0 | ||
| 008 | 071015s2008 cou 000 0 eng | ||
| 010 | _a 2007042529 | ||
| 020 | _a9781400073795 | ||
| 040 |
_aDLC _cDLC _dDLC |
||
| 050 | 0 | 0 |
_aBV4501.3 _b.S564 2008 |
| 082 | 0 | 0 |
_a248.4 _bSHO |
| 100 | 1 |
_aShook, Kerry. _97583 |
|
| 245 | 1 | 0 |
_aOne month to live : _bthirty days to a no-regrets life / _cKerry and Chris Shook. |
| 250 | _a1st ed. | ||
| 260 |
_aColorado Springs, Colo. : _bWaterBrook Press, _c2008. |
||
| 300 |
_aviii, 226 p. ; _c24 cm. |
||
| 505 | 0 | _aDay 1: introduction-living the dash -- Principle 1: live passionately -- Day 2: roller coaster-riding the big dipper -- Day 3: time squared-spending your most valuable resource -- Day 4: power surge-connecting with the ultimate source -- Day 5: oxygen mask-breathing first -- Day 6: monkey bars-risking greatness -- Day 7: dreamsicle-thawing out your frozen dreams -- Day 8: kick start-living life full throttle -- Principle 2: love completely -- Day 9: heart of the matter-relating and not waiting -- Day 10: ocean-exploring the depths of forgiveness -- Day 11: Everest-scaling the obstacles to unity -- Day 12: boxing ring-resolving conflicts by fighting fair -- Day 13: sandpaper-smoothing the edges -- Day 14: the gift-thanking those around you -- Day 15: last call-revealing our hearts -- Principle 3: learn humbly -- Day 16: star power-discovering who you were meant to be -- Day 17: gps-finding your direction -- Day 18: mulligan-playing with integrity -- Day 19: metamorphosis-changing from the inside out -- Day 20: earthquake-building a foundation that lasts -- Day 21: hurricanes-withstanding the winds of change -- Day 22: road signs-pathway to a personal miracle -- Principle 4: leave boldly -- Day 23: sandcastles-building a lasting legacy -- Day 24: seeds-planting acorns for mighty oaks -- Day 25: sticks and stones-using eternal building materials -- Day 26: collisions-staying the course when your life crashes -- Day 27: starfish-making a world of difference -- Day 28: footprint-leaving a lasting impression -- Day 29: game over-dying to live -- Day 30: conclusion-game on-living it up. | |
| 650 | 0 |
_aChristian life. _97584 |
|
| 700 | 1 |
_aShook, Chris. _97585 |
|
| 856 | 4 | 1 |
_3Table of contents only _uhttp://www.loc.gov/catdir/toc/ecip082/2007042529.html |
| 906 |
_a7 _bcbc _corignew _d1 _eecip _f20 _gy-gencatlg |
||
| 942 |
_2ddc _cBK |
||
| 999 |
_c608263 _d608263 |
||